[Event "Ct. Catalunya eq DH"]
[Site "?"]
[Date "2013.03.02"]
[Round "7.7"]
[White "Llaneza Vega, P."]
[Black "Garcia Jimenez, FJ."]
[Result "1/2-1/2"]
[WhiteElo "2241"]
[BlackElo "2278"]
[PlyCount "89"]
[EventDate "2013.??.??"]
[EventType "tourn"]
[EventRounds "11"]

1. e4 d5 2. exd5 Nf6 3. d4 Bg4 4. Nf3 Qxd5 5. Be2 Nc6 6. O-O O-O-O 7. Be3 e6 8.
h3 Bh5 9. c4 Qd7 10. Nbd2 Be7 11. a3 Ne8 12. b4 Bf6 13. Nb3 Kb8 14. g4 Bg6 15.
b5 Ne7 16. g5 Nf5 17. gxf6 gxf6 18. Bf4 Rg8 19. Nc5 Qe7 20. Kh2 e5 21. Bg3 Nxd4
22. Nxd4 Rxd4 23. Na6+ bxa6 24. Qa4 a5 25. Qxa5 Bd3 26. Bxd3 Rxd3 27. Rfd1 Qd7
28. Qa4 e4 29. c5 Rgxg3 30. fxg3 Rd2+ 31. Rxd2 Qxd2+ 32. Kh1 Qd7 33. Qxe4 Qxh3+
34. Kg1 Qxg3+ 35. Kf1 Ng7 36. Rd1 Ne6 37. Rd3 Qg5 38. Qxh7 Qxc5 39. Qh8+ Kb7
40. Qxf6 Qc1+ 41. Kf2 Qc2+ 42. Ke3 Qc1+ 43. Kf2 Qc2+ 44. Ke3 Qc1+ 45. Kf2
1/2-1/2

[Event "Ct. Catalunya eq DH"]
[Site "?"]
[Date "2013.03.02"]
[Round "7.7"]
[White "Pardo Simon, D."]
[Black "Colls Gelaberto, E."]
[Result "1-0"]
[WhiteElo "2513"]
[BlackElo "2370"]
[PlyCount "109"]
[EventDate "2013.??.??"]
[EventType "tourn"]
[EventRounds "11"]

1. Nf3 Nf6 2. c4 c5 3. g3 d5 4. cxd5 Nxd5 5. Bg2 Nc6 6. Nc3 Nc7 7. d3 e5 8. Bd2
Be7 9. Rc1 O-O 10. a3 Bd7 11. O-O Ne6 12. Nd5 Bd6 13. b4 cxb4 14. axb4 Ncd4 15.
Nxd4 Nxd4 16. e3 Nb5 17. f4 exf4 18. gxf4 Bc6 19. Rf2 Rc8 20. Qb3 Qh4 21. Rcf1
Rfd8 22. Be4 Bf8 23. Rg2 Rd7 24. Rg5 Kh8 25. Qd1 Bxd5 26. Rxd5 Rxd5 27. Bxd5
Rc7 28. Bg2 Qd8 29. Qb3 Rd7 30. d4 f5 31. Rc1 Nd6 32. Be1 Rc7 33. Rc5 b6 34.
Rc6 Rxc6 35. Bxc6 Qe7 36. b5 Ne4 37. Kf1 g5 38. Qd5 Nd6 39. Qe5+ Qxe5 40. fxe5
Nc4 41. Ke2 f4 42. exf4 gxf4 43. Bc3 Ba3 44. Kf3 Bc1 45. e6 Ba3 46. Kxf4 Bd6+
47. Kg5 Kg7 48. d5+ Kf8 49. h3 Ne5 50. Bb7 Ke7 51. Kh6 Nf3 52. Ba8 Bf4+ 53.
Kxh7 Ng5+ 54. Kg6 Nxh3 55. Bf6+ 1-0

[Event "Ct. Catalunya eq DH"]
[Site "?"]
[Date "2013.03.02"]
[Round "7.7"]
[White "Ribera Baztan, J."]
[Black "Espinoza Palomino, W."]
[Result "0-1"]
[WhiteElo "2190"]
[BlackElo "2290"]
[PlyCount "50"]
[EventDate "2013.??.??"]
[EventType "tourn"]
[EventRounds "11"]

1. d4 Nf6 2. c4 e6 3. g3 d5 4. Nf3 Bb4+ 5. Bd2 Be7 6. Bg2 O-O 7. O-O c6 8. Bf4
b6 (8... dxc4) 9. Qc2 Ba6 10. Nbd2 Nbd7 11. Rac1 Nh5 12. Be3 f5 $6 13. Qa4 $14
(13. cxd5 $16 cxd5 14. Qc6 Kf7 (14... Rf6 15. Ne5 Nxe5 16. dxe5 Rg6 17. Bf3 $18
) 15. Qa4 Nb8 (15... Bb7 16. Ng5+ Bxg5 17. Bxg5 Ndf6 18. Nc4 Kg8 19. Ne5 h6 20.
Bd2 Ne4 21. Bb4 Re8 22. f3 Nd6 23. Bxd6 Qxd6 24. Rc3 $16) 16. Ne5+ Kg8 17. Ndf3
) 13... Bb7 14. Ne1 $6 (14. cxd5 exd5 15. Rxc6 f4 16. gxf4 Nxf4 17. Bxf4 Rxf4
18. e3 Rg4 19. h3 Nc5 20. Rxc5 Rxg2+ 21. Kxg2 bxc5 22. Rc1 $14) 14... f4 $15
15. Bxf4 Nxf4 16. gxf4 Rxf4 17. e3 Rg4 18. f3 $6 (18. cxd5 exd5 (18... cxd5 19.
Kh1 $11) 19. Kh1 Rg6 20. Nd3 $15) 18... Rg6 19. Nd3 Bd6 (19... c5 $17) 20. f4 (
20. cxd5 $15) 20... dxc4 21. Qxc4 c5 22. e4 $2 (22. Nf3) 22... cxd4 $19 23. b4
Kh8 $6 (23... a5 $19) 24. Qxd4 $17 Nf6 25. Rf3 $4 (25. Rf2) 25... Bc5 0-1

[Event "Ct. Catalunya eq DH"]
[Site "?"]
[Date "2013.03.02"]
[Round "7.8"]
[White "Bosque Ortega, X."]
[Black "De la Riva Aguado, J."]
[Result "1/2-1/2"]
[WhiteElo "2247"]
[BlackElo "2238"]
[PlyCount "98"]
[EventDate "2013.??.??"]
[EventType "tourn"]
[EventRounds "11"]

1. d4 Nf6 2. Nf3 g6 3. g3 Bg7 4. Bg2 O-O 5. O-O d6 6. a4 a5 7. Nc3 c6 8. e4 Na6
9. h3 Nb4 10. Be3 Qc7 11. Qd2 e5 12. Rad1 Be6 13. dxe5 dxe5 14. Bc5 Rfd8 15.
Bd6 Qb6 16. Qe2 Nh5 17. Kh2 f6 18. b3 Rd7 19. Bxb4 Qxb4 20. Rxd7 Bxd7 21. Rd1
Be6 22. Na2 Qc5 23. Ne1 Bf8 24. Nd3 Qa3 25. Nc3 Qe7 26. Qe3 Ng7 27. Bf1 Bf7 28.
Nb2 Ne6 29. Bc4 Nd4 30. Rd2 Rd8 31. Kg2 Qa3 32. Bxf7+ Kxf7 33. Nc4 Qc5 34. Ne2
b5 35. Nxa5 Qb6 36. c3 Qxa5 37. cxd4 bxa4 38. bxa4 Qxa4 39. d5 cxd5 40. Rxd5
Rxd5 41. Nc3 Qd4 42. Nxd5 Qxe3 43. Nxe3 Ke6 44. g4 Bc5 45. Nd5 f5 46. f3 h5 47.
gxh5 gxh5 48. Kg3 fxe4 49. fxe4 Kf7 1/2-1/2

[Event "Ct. Catalunya eq DH"]
[Site "?"]
[Date "2013.03.02"]
[Round "7.8"]
[White "Gomez Jurado, LA."]
[Black "Fernandez Lopez, J."]
[Result "1-0"]
[WhiteElo "2322"]
[BlackElo "2144"]
[PlyCount "85"]
[EventDate "2013.??.??"]
[EventType "tourn"]
[EventRounds "11"]

1. c4 e5 2. g3 f5 3. Nf3 d6 4. d4 e4 5. Nh4 Nf6 6. Nc3 Be7 7. Ng2 c6 8. Nf4 Na6
9. h4 Nc7 10. e3 Ne6 11. d5 Nxf4 12. gxf4 c5 (12... Ng4 13. Be2 h5 $15) 13. h5
Bd7 14. Bd2 Qc7 15. a4 O-O-O (15... O-O) 16. Nb5 Bxb5 $14 17. axb5 b6 18. Ra6
g6 19. Bc3 Rhg8 20. hxg6 hxg6 21. Qa4 Kb8 22. Be2 g5 $11 23. b4 cxb4 $15 24.
Bd4 Nd7 25. Qxb4 gxf4 26. exf4 Bf6 27. Be3 $6 Nc5 $17 28. Ra3 Qg7 29. Kd2 Rd7 (
29... Rh8 30. Qb1 Bb2 31. Bxc5 dxc5 32. Rah3 Rxh3 33. Rxh3 Rh8 34. Rg3 Qd4+ 35.
Kc2 Ba1 $17) 30. Rh5 Qg6 (30... Rh8 31. Rxf5 Rh1 $17) 31. Qb1 $15 Rc7 $6 32.
Qh1 (32. Bxc5 Rxc5 33. Rg3 Qf7 34. Rxg8+ Qxg8 35. Rxf5 $14) 32... Qg7 (32...
Bg7 $15) 33. Rxf5 $2 (33. Bxc5) 33... Bb2 $2 (33... Rh8 34. Qd1 Bb2 35. Rg5 Qf6
36. Bxc5 Rxc5 37. Re3 Ba1 $17) 34. Rg5 Qf8 35. Rxg8 Qxg8 36. Bxc5 Rxc5 37. Rg3
Qe8 38. Qh7 $16 Rc8 39. Bg4 $6 (39. Re3 $16) 39... Rxc4 $4 (39... Rc7 40. Qh6
Qe7 $16) 40. Bd7 e3+ 41. fxe3 Qe4 42. Rg8+ Kc7 43. Bf5+ 1-0

[Event "Ct. Catalunya eq DH"]
[Site "?"]
[Date "2013.03.02"]
[Round "7.8"]
[White "Lillo Ferrer, JM."]
[Black "Martin Gonzalez, A."]
[Result "0-1"]
[WhiteElo "2200"]
[BlackElo "2440"]
[PlyCount "62"]
[EventDate "2013.??.??"]
[EventType "tourn"]
[EventRounds "11"]

1. e4 c5 2. d3 Nc6 3. g3 d5 4. Nd2 e5 5. Bg2 Nge7 6. Ne2 Be6 7. O-O Qd7 8. a3
Bh3 9. Rb1 h5 10. f4 dxe4 11. Bxh3 Qxh3 12. Nxe4 h4 13. Ng5 Qd7 14. fxe5 hxg3
15. Nxg3 Qd4+ 16. Kg2 Qh4 17. h3 Nxe5 18. Qe1 f6 19. Rh1 Qa4 20. b3 Qc6+ 21.
Kf2 O-O-O 22. Qe4 Nd5 23. Qf5+ Kb8 24. Bb2 Bd6 25. Nf3 Rde8 26. Rbe1 g6 27.
Nxe5 Bxe5 28. Bxe5+ fxe5 29. Qg5 Nf4 30. Ke3 Qg2 31. Ne4 Nd5# 0-1

[Event "Ct. Catalunya eq DH"]
[Site "?"]
[Date "2013.03.02"]
[Round "7.8"]
[White "Lopez Agustench, E."]
[Black "San Pedro Lopez, C."]
[Result "1-0"]
[WhiteElo "2343"]
[BlackElo "2168"]
[PlyCount "164"]
[EventDate "2013.??.??"]
[EventType "tourn"]
[EventRounds "11"]

1. d4 Nf6 2. Nf3 g6 3. c4 Bg7 4. Nc3 O-O 5. Bg5 d6 6. h3 c5 7. e3 Bf5 8. Bd3
Bxd3 9. Qxd3 Nbd7 10. O-O a6 11. Rfe1 Qa5 12. Bh4 Rfc8 13. a4 Kf8 14. d5 Qb4
15. e4 Nh5 16. Reb1 h6 17. Ne2 b5 18. cxb5 c4 19. Qa3 Qxa3 20. Rxa3 g5 21. Bg3
Nxg3 22. fxg3 axb5 23. axb5 Nc5 24. b6 Rab8 25. Nd2 Nd7 26. Ra4 Nxb6 27. Rb4 e6
28. Nc3 Nd7 29. Rxb8 Rxb8 30. Rc1 Bd4+ 31. Kh2 Ne5 32. Nd1 Rb4 33. Rc2 h5 34.
Nf3 Nxf3+ 35. gxf3 Ke7 36. Rd2 Be5 37. Kg2 f5 38. Rc2 g4 39. hxg4 hxg4 40. f4
Bf6 41. dxe6 fxe4 42. f5 d5 43. Rd2 d4 44. Kf1 e3 45. Nxe3 dxe3 46. Rd7+ Ke8
47. Rf7 Bxb2 48. f6 Rb5 49. Re7+ Kd8 50. Rd7+ Kc8 51. f7 Ba3 52. Ra7 Bd6 53.
Ra6 Bb4 54. Rc6+ Kd8 55. Rxc4 Ke7 56. Re4 Bc5 57. Ke2 Rb6 58. Kd3 Rxe6 59.
f8=Q+ Kxf8 60. Rxe6 Kf7 61. Re4 Kf6 62. Rxg4 Kf5 63. Ra4 Bb6 64. Ke2 Kg5 65.
Kf3 Kf5 66. Rb4 Ba7 67. Rb5+ Kg6 68. Kg4 Kf6 69. Kf3 Kg6 70. g4 Kf6 71. Ra5 Bd4
72. Ke2 Kf7 73. Kd3 Bb6 74. Rb5 Bd8 75. Kxe3 Bf6 76. Kf4 Bc3 77. Kf5 Ba1 78.
Rb7+ Kf8 79. Kg6 Be5 80. Rf7+ Ke8 81. Rf5 Bb2 82. Kh7 Kd8 1-0

[Event "Ct. Catalunya eq DH"]
[Site "?"]
[Date "2013.03.02"]
[Round "7.8"]
[White "Vives Jaume, O."]
[Black "Fernandez Madrid, C."]
[Result "1-0"]
[WhiteElo "2226"]
[BlackElo "2300"]
[PlyCount "68"]
[EventDate "2013.??.??"]
[EventType "tourn"]
[EventRounds "11"]

1. d4 g6 2. Nf3 Bg7 3. c4 c5 4. d5 Nf6 5. Nc3 O-O 6. e4 d6 7. h3 e6 8. Bd3 exd5
9. cxd5 a6 10. a4 Nh5 11. O-O Nd7 12. g4 Ne5 13. gxh5 Bxh3 14. Re1 gxh5 15.
Nxe5 Bxe5 16. Qxh5 Qd7 17. Re3 Bg4 18. Rg3 Bxg3 19. Qg5+ Kh8 20. Qf6+ Kg8 21.
fxg3 Qd8 22. Qxd8 Rfxd8 23. Bg5 Rd7 24. Bf6 h5 25. a5 Rb8 26. Na4 Re8 27. Nb6
Rc7 28. Kf2 Rf8 29. Nc4 Rd7 30. Be2 Re8 31. Re1 Rb8 32. Bh4 Rc7 33. e5 b5 34.
axb6 Rcb7 1-0

[Event "Ct. Catalunya eq DH"]
[Site "?"]
[Date "2013.03.02"]
[Round "7.9"]
[White "Almirall Botella, J."]
[Black "Ruiz Manchon, FX."]
[Result "1-0"]
[WhiteElo "2156"]
[BlackElo "2273"]
[PlyCount "67"]
[EventDate "2013.??.??"]
[EventType "tourn"]
[EventRounds "11"]

1. d4 Nf6 2. c4 c5 3. d5 b5 4. f3 g6 5. e4 d6 6. a4 b4 7. Bd3 Bg7 8. Ne2 e6 9.
O-O O-O 10. Nd2 Re8 11. Ng3 a5 12. Ra2 Ra7 13. b3 Qe7 14. Kh1 h5 15. Ne2 Nbd7
16. Bb2 e5 17. Bc1 h4 18. Rg1 Nh5 19. Nf1 Bf6 20. g4 hxg3 21. Nfxg3 Ng7 22. Nf1
Nf8 23. Neg3 Nh7 24. Ne3 Bg5 25. Bf1 Bf4 26. Ng2 Bxc1 27. Qxc1 Ng5 28. Ne1 f6
29. Rf2 Kf7 30. Nd3 Rh8 31. f4 exf4 32. Qxf4 Re8 33. Qxg5 Rh8 34. Qf4 1-0

[Event "Ct. Catalunya eq DH"]
[Site "?"]
[Date "2013.03.02"]
[Round "7.9"]
[White "Ibañez Tarradellas, E."]
[Black "Pinsach Gelabert, A."]
[Result "1/2-1/2"]
[WhiteElo "2513"]
[BlackElo "2370"]
[PlyCount "61"]
[EventDate "2013.??.??"]
[EventType "tourn"]
[EventRounds "11"]

1. d4 d5 2. Bg5 h6 3. Bh4 c6 4. e3 Qb6 5. Qc1 e5 6. Nf3 Nd7 7. Be2 e4 8. Nfd2
Be7 9. Bg3 Ngf6 10. O-O Nf8 11. c4 Ng6 12. Nc3 O-O 13. Rb1 h5 14. h3 Be6 15. b4
Qd8 16. c5 h4 17. Bh2 Nh7 18. b5 Ng5 19. bxc6 bxc6 20. Rb7 Nxh3+ 21. gxh3 Bxh3
22. Re1 Bxc5 23. Ncxe4 Bb6 24. Qxc6 dxe4 25. Nxe4 Be6 26. Bf3 Rc8 27. Qd6 Bxa2
28. Rd7 Qe8 29. Ng5 Rd8 30. Rxd8 Qxd8 31. Ne4 1/2-1/2

[Event "Ct. Catalunya eq DH"]
[Site "?"]
[Date "2013.03.02"]
[Round "7.9"]
[White "Mateu Guiu, E."]
[Black "Bravo Barranco, N."]
[Result "0-1"]
[WhiteElo "2115"]
[BlackElo "2332"]
[PlyCount "70"]
[EventDate "2013.??.??"]
[EventType "tourn"]
[EventRounds "11"]

1. e4 c6 2. Nc3 d5 3. Nf3 dxe4 4. Nxe4 Nf6 5. Nxf6+ gxf6 6. h3 Bf5 7. d4 e6 8.
Bf4 Bd6 9. Bxd6 Qxd6 10. c3 Nd7 11. Bd3 Bg6 12. Qe2 O-O-O 13. Nd2 $6 c5 14.
Bxg6 hxg6 15. Ne4 Qd5 16. dxc5 (16. O-O) 16... Nxc5 17. Nxc5 Qxc5 18. O-O Rh5
19. Rad1 Rhd5 20. Qf3 f5 21. Rfe1 e5 (21... Rd2 $15) 22. Rxd5 Rxd5 23. Rd1 e4
24. Rxd5 Qxd5 25. Qe3 b6 26. a3 Kd7 27. Qf4 (27. g3 $11) 27... Qd1+ 28. Kh2 Qd6
29. Kg3 g5 $4 30. Qxd6+ Kxd6 31. f4 $1 $18 f6 (31... exf3 32. Kxf3 Ke5 33. g3
$18) 32. h4 $4 (32. Kf2 $1 $18 Ke6 33. g3 a5 34. b4 axb4 35. axb4 Kd5 36. Ke3
b5 37. h4) 32... gxh4+ $19 33. Kxh4 Kd5 34. b3 e3 35. Kg3 Ke4 0-1

[Event "Ct. Catalunya eq DH"]
[Site "?"]
[Date "2013.03.02"]
[Round "7.9"]
[White "Ortiz Lafont, J."]
[Black "Comallonga Fernandez, J."]
[Result "1-0"]
[WhiteElo "2285"]
[BlackElo "2158"]
[PlyCount "119"]
[EventDate "2013.??.??"]
[EventType "tourn"]
[EventRounds "11"]

1. d4 Nf6 2. Nf3 e6 3. Bf4 Be7 4. e3 b6 5. Nbd2 Bb7 6. Bd3 c5 7. c3 Nc6 8. h3
a6 9. O-O cxd4 10. exd4 d6 11. Qe2 O-O 12. Rad1 Qc7 13. Rfe1 Rfe8 14. Bh2 Bf8
15. Ne4 Nxe4 16. Bxe4 h6 17. Bd3 b5 18. Qe4 g6 19. Qg4 Ne7 20. h4 h5 21. Qf4
Nf5 22. Bxf5 exf5 23. Ng5 Qc4 24. a3 Qb3 25. Qd2 Bh6 26. Bf4 Qd5 27. f3 Bc6 28.
Nh3 Bxf4 29. Nxf4 Qb3 30. Qf2 Qc4 31. Rxe8+ Rxe8 32. Re1 Rxe1+ 33. Qxe1 Kf8 34.
Qe2 Bd5 35. Qxc4 Bxc4 36. Kf2 Ke7 37. g3 Kf6 38. Nh3 Ke6 39. Ke3 Ke7 40. Ng1
Kf6 41. f4 Ke6 42. Nf3 Bd5 43. Nd2 Bc6 44. b3 a5 45. c4 d5 46. cxb5 Bxb5 47.
Nb1 Kd6 48. Nc3 Bf1 49. Kd2 Kc6 50. Kc2 Bg2 51. a4 Bf1 52. Kb2 Bg2 53. Ka3 Bf1
54. b4 axb4+ 55. Kxb4 Bc4 56. a5 Bd3 57. Na4 Ba6 58. Nc5 Bc8 59. Ka4 f6 60. Kb4
1-0

[Event "Ct. Catalunya eq DH"]
[Site "?"]
[Date "2013.03.02"]
[Round "7.9"]
[White "Tallo Dominguez, I."]
[Black "Travesset Ribera, D."]
[Result "0-1"]
[WhiteElo "2329"]
[BlackElo "2238"]
[PlyCount "107"]
[EventDate "2013.??.??"]
[EventType "tourn"]
[EventRounds "11"]

1. g3 c5 2. Bg2 Nc6 3. c4 g6 4. Nc3 Bg7 5. Nf3 e5 6. O-O Nge7 7. Rb1 O-O 8. a3
a5 9. b3 d6 10. Bb2 Rb8 11. Ne1 Be6 12. Nd5 Qd7 13. f4 f6 14. Nc2 b6 15. b4
axb4 16. axb4 cxb4 17. Ba1 b5 18. Ncxb4 Nxb4 19. Rxb4 bxc4 20. Nxe7+ Qxe7 21.
Qa4 d5 22. Rfb1 Rxb4 23. Rxb4 Bf7 24. Qa5 exf4 25. Bxd5 Qxe2 26. Bxf7+ Rxf7 27.
gxf4 Qg4+ 28. Kh1 Qxf4 29. Kg1 h5 30. Qa6 Qg4+ 31. Kf2 Qh4+ 32. Kg2 Qg4+ 33.
Kf2 Re7 34. Qxc4+ Qxc4 35. Rxc4 f5 36. Bc3 Bxc3 37. dxc3 Kf7 38. h4 Kf6 39. Kf3
Re6 40. Kf4 Ra6 41. Rc8 Ra4+ 42. c4 Ra6 43. Rc5 Re6 44. Kf3 Re4 45. Rc6+ Kg7
46. Rc7+ Kf6 47. Rc6+ Re6 48. Rc5 Ke7 49. Ra5 Re4 50. Ra7+ Kf6 51. Ra6+ Kg7 52.
Ra7+ Kh6 53. Kg3 Rxc4 54. Rb7 0-1

[Event "Ct. Catalunya eq DH"]
[Site "?"]
[Date "2013.03.02"]
[Round "7.9"]
[White "Yepes Martinez, E."]
[Black "Rivas Garcia, V."]
[Result "1-0"]
[WhiteElo "2231"]
[BlackElo "2224"]
[PlyCount "53"]
[EventDate "2013.??.??"]
[EventType "tourn"]
[EventRounds "11"]

1. d4 f5 2. Bf4 Nf6 3. e3 e6 4. Nf3 d6 5. h3 Be7 6. c4 O-O 7. Nc3 h6 8. Bd3 a5
9. g4 Nc6 10. gxf5 exf5 11. Rg1 Kf7 12. Nh4 g5 13. Nxf5 Bxf5 14. Bxf5 gxf4 15.
d5 fxe3 16. f4 Nb4 17. Qb1 Rg8 18. Be6+ Kf8 19. Bxg8 Nxg8 20. Qg6 Nf6 21. Qxh6+
Ke8 22. Qg6+ Kd7 23. Qf5+ Ke8 24. a3 Na6 25. Ne4 Kf8 26. Qg6 Nc5 27. Ng5 1-0

[Event "Ct. Catalunya eq DH"]
[Site "?"]
[Date "2013.03.02"]
[Round "7.10"]
[White "Asensio Liñan, T."]
[Black "Onna Amargant, J."]
[Result "1-0"]
[WhiteElo "2275"]
[BlackElo "2105"]
[PlyCount "65"]
[EventDate "2013.??.??"]
[EventType "tourn"]
[EventRounds "11"]

1. e4 e6 2. d4 b6 3. Nf3 Bb7 4. Bd3 c5 5. c3 Nf6 6. e5 Nd5 7. a3 cxd4 8. Nxd4
Nc6 9. Nxc6 dxc6 10. O-O Qc7 11. c4 Ne7 12. Qe2 c5 13. Nc3 a6 14. Bc2 O-O-O 15.
Bg5 h6 16. Bh4 g5 17. Bg3 Nc6 18. Be4 Bg7 19. Rad1 $6 Nd4 (19... Bxe5 20. Bxe5
Nxe5 21. b4 Bxe4 22. Qxe4 Kb8 $15) 20. Qe3 Rd7 (20... Kb8) 21. Nd5 $2 Bxd5 $2 (
21... exd5 22. e6 Rd6 23. Bxd5 fxe6 24. Bxd6 Qxd6 25. Bxb7+ Kxb7 $19) 22. cxd5
$16 Qd8 23. d6 $18 f5 24. exf6 Bxf6 25. b4 e5 26. Qd3 Ra7 27. bxc5 bxc5 28. Qc4
Qxd6 29. Rxd4 Qxd4 30. Qe6+ Rd7 31. Qxa6+ Kc7 32. Qc6+ Kd8 33. Qxf6+ 1-0

[Event "Ct. Catalunya eq DH"]
[Site "?"]
[Date "2013.03.02"]
[Round "7.10"]
[White "Orteu Capdevila, M."]
[Black "Aalbersberg Kroon, P."]
[Result "0-1"]
[WhiteElo "1910"]
[BlackElo "1982"]
[PlyCount "84"]
[EventDate "2013.??.??"]
[EventType "tourn"]
[EventRounds "11"]

1. d4 d5 2. Nf3 Nf6 3. Bf4 e6 4. e3 Bd6 5. Bg3 O-O 6. Bd3 c5 7. c3 cxd4 8. cxd4
Nc6 9. a3 a6 10. Nc3 Re8 11. Rc1 e5 12. dxe5 Nxe5 13. Nxe5 Bxe5 14. Bxe5 Rxe5
15. Ne2 Bg4 16. h3 Bh5 17. g4 Bg6 18. Bxg6 hxg6 19. Nd4 Ne4 20. O-O Re8 21. Kg2
Qd7 22. Nb3 Rac8 23. Nd2 Rxc1 24. Qxc1 Rc8 25. Qd1 Qe6 26. Nxe4 Qxe4+ 27. Kg3
Rc2 28. b3 Qe5+ 29. f4 Qxe3+ 30. Rf3 Qd2 31. Qxd2 Rxd2 32. Rf2 Rxf2 33. Kxf2
Kf8 34. Ke3 Ke7 35. Kd4 Kd6 36. h4 b6 37. a4 a5 38. h5 gxh5 39. gxh5 f6 40. Kc3
Kc5 41. Kd3 f5 42. Kc3 d4+ 0-1

[Event "Ct. Catalunya eq DH"]
[Site "?"]
[Date "2013.03.02"]
[Round "7.10"]
[White "Parals Marce, L."]
[Black "Mestre Bellido, H."]
[Result "0-1"]
[WhiteElo "2126"]
[BlackElo "2370"]
[PlyCount "100"]
[EventDate "2013.??.??"]
[EventType "tourn"]
[EventRounds "11"]

1. d4 d5 2. Nf3 Nf6 3. e3 e6 4. Bd3 c5 5. b3 Nc6 6. O-O Bd6 7. Bb2 Qc7 8. Nbd2
O-O 9. c4 Rd8 10. dxc5 Bxc5 11. cxd5 Rxd5 12. Qe2 Qd8 13. Bc4 Rd7 14. Rfd1 b6
15. Bb5 Bb7 16. Bxc6 Bxc6 17. Ne5 Bb5 18. Ndc4 Rxd1+ 19. Rxd1 Qe7 20. Qd3 Rc8
21. a4 Ba6 22. Nd7 Nxd7 23. Qxd7 f6 24. Qd3 Bb7 25. e4 Qf7 26. Ne3 Qc7 27. f3
Be7 28. Qd7 Kf7 29. Nc4 Bc6 30. Nd6+ Qxd6 31. Qxd6 Bxd6 32. Rxd6 Be8 33. Rd2
Rc7 34. Kf2 Bd7 35. Ke3 e5 36. Ba3 Be6 37. b4 a5 38. bxa5 bxa5 39. Kd3 Bb3 40.
Bd6 Rd7 41. Kc3 Bxa4 42. Ra2 Rxd6 43. Rxa4 Rc6+ 44. Rc4 Rxc4+ 45. Kxc4 Ke6 46.
Kb5 Kd6 47. Kxa5 Kc5 48. Ka6 Kd4 49. Kb6 Ke3 50. Kc6 Kf2 0-1

[Event "Ct. Catalunya eq DH"]
[Site "?"]
[Date "2013.03.02"]
[Round "7.10"]
[White "Sierra Montoya, M."]
[Black "Diaz Camallonga, C."]
[Result "1-0"]
[WhiteElo "2228"]
[BlackElo "2286"]
[PlyCount "137"]
[EventDate "2013.??.??"]
[EventType "tourn"]
[EventRounds "11"]

1. e4 e6 2. d4 d5 3. Nc3 Nf6 4. Bg5 Be7 5. e5 Nfd7 6. h4 Nc6 7. Qg4 f5 8. Qf4
Bxg5 9. hxg5 Nf8 10. Be2 Qe7 11. O-O-O Nd8 12. Qe3 Bd7 13. Nh3 Nf7 14. f4 O-O-O
15. Nf2 h6 16. gxh6 Nxh6 17. Nd3 Be8 18. Nc5 Nd7 19. N3a4 Nb6 20. Nxb6+ cxb6
21. Nb3 Kb8 22. Qg3 Rc8 23. Kb1 Bc6 24. Rh5 Be8 25. Rh3 Qc7 26. c3 Ba4 27. Rc1
Qe7 28. Nd2 Rc7 29. Qh4 Qxh4 30. Rxh4 Rf8 31. Nf1 Be8 32. Ne3 b5 33. a3 a6 34.
Nc2 Bg6 35. Ne1 Be8 36. Nd3 b6 37. Kc2 Kb7 38. Kd2 Bg6 39. Rch1 Re7 40. Ne1 Be8
41. Nf3 Bg6 42. Ng5 Nf7 43. Nxf7 Bxf7 44. R1h3 Be8 45. Rg3 g6 46. Rg5 Kc7 47.
g4 Kd7 48. gxf5 gxf5 49. Rh6 Kc7 50. Ke3 Kd7 51. Bf3 Kc7 52. Kf2 Kd7 53. Kg3
Bf7 54. Kh4 Rg8 55. Bh5 Rc8 56. Rg7 Bxh5 57. Rxe7+ Kxe7 58. Kxh5 Rg8 59. Rg6
Rh8+ 60. Kg5 Rh2 61. Rg7+ Kf8 62. Ra7 Ke8 63. Rxa6 Ke7 64. Ra7+ Kd8 65. Rg7
Rxb2 66. Kf6 Rb3 67. Kxe6 Rxa3 68. Kd6 Ke8 69. Rc7 1-0

[Event "Ct. Catalunya eq DH"]
[Site "?"]
[Date "2013.03.02"]
[Round "7.10"]
[White "Valencia Jimenez, J."]
[Black "Gardela Batlle, J."]
[Result "1-0"]
[WhiteElo "2137"]
[BlackElo "2277"]
[PlyCount "89"]
[EventDate "2013.??.??"]
[EventType "tourn"]
[EventRounds "11"]

1. d4 d5 2. c4 c6 3. cxd5 cxd5 4. Nc3 Nf6 5. Bg5 e6 6. e3 Be7 7. Bd3 Nc6 8. Nf3
Bd7 9. h3 Rc8 10. O-O a6 11. Rc1 Na5 12. Ne5 b5 13. f4 Nc4 14. Nxc4 bxc4 15.
Bb1 O-O 16. f5 Rb8 17. fxe6 fxe6 18. Qc2 g6 19. Bh6 Rf7 20. Rf2 Be8 21. Rcf1
Rb7 22. Kh1 Nh5 23. Rxf7 Bxf7 24. Rf3 Qb8 25. Rf2 Bh4 26. Bf4 Nxf4 27. Rxf4
Rxb2 28. Qd1 Bg5 29. Rf3 Bd8 30. Bc2 Ba5 31. Na4 Rb7 32. Nc5 Ra7 33. Ba4 Qb4
34. Rf1 e5 35. Qf3 exd4 36. Be8 Qxc5 37. Bxf7+ Rxf7 38. Qxf7+ Kh8 39. Qe8+ Kg7
40. Rf7+ Kh6 41. Qe5 Bd8 42. Qh8 Qd6 43. Qg7+ Kg5 44. Qxd4 Bb6 45. Qg4+ 1-0

[Event "Ct. Catalunya eq DH"]
[Site "?"]
[Date "2013.03.09"]
[Round "8.1"]
[White "Alonso Rosell, A."]
[Black "De la Riva Aguado, O."]
[Result "1/2-1/2"]
[WhiteElo "2576"]
[BlackElo "2542"]
[PlyCount "61"]
[EventDate "2013.??.??"]
[EventType "tourn"]
[EventRounds "11"]

1. d4 f5 2. g3 Nf6 3. Bg2 g6 4. Nh3 Bg7 5. Nf4 Nc6 6. d5 Ne5 7. Nc3 c6 8. e4
fxe4 9. Nxe4 Nxe4 10. Bxe4 cxd5 11. Bxd5 e6 12. Bg2 O-O 13. O-O d5 14. Re1 Qd6
15. c4 d4 16. b3 Nf7 17. a4 Re8 18. Ba3 Qd8 19. Ra2 e5 20. Bd5 Bd7 21. Nd3 Bc6
22. Nb4 Bxd5 23. Nxd5 a6 24. h4 Rc8 25. Qg4 Rc6 26. Rd2 h5 27. Qe4 Rce6 28. Rd3
Nh6 29. Rf3 Qd7 30. Kg2 Nf7 31. a5 1/2-1/2

[Event "Ct. Catalunya eq DH"]
[Site "?"]
[Date "2013.03.09"]
[Round "8.1"]
[White "Movsziszian, K."]
[Black "Alonso Garcia, R."]
[Result "1-0"]
[WhiteElo "2517"]
[BlackElo "2447"]
[PlyCount "81"]
[EventDate "2013.??.??"]
[EventType "tourn"]
[EventRounds "11"]

1. g3 Nf6 2. Bg2 g6 3. e4 d6 4. d4 Bg7 5. Ne2 O-O 6. h3 e5 7. Nbc3 exd4 8. Nxd4
Nc6 9. Nde2 Re8 10. O-O Bd7 11. g4 b5 12. a3 h6 13. Ng3 Rb8 14. Be3 Nh7 15. f4
a6 16. Qd2 b4 17. axb4 Nxb4 18. Nce2 Bb5 19. Rfd1 c5 20. Rab1 Qc7 21. b3 d5 22.
c3 d4 23. cxd4 cxd4 24. Nxd4 Bd3 25. Rbc1 Qd8 26. e5 g5 27. Nc6 Nxc6 28. Bxc6
Bb5 29. Bxe8 Qxe8 30. Nf5 Bf8 31. fxg5 hxg5 32. Bxg5 Be2 33. Nd6 Qe6 34. Re1
Bf3 35. Bf4 Rxb3 36. Rc8 Bxg4 37. hxg4 Kg7 38. Nf5+ Kg6 39. Qh2 Nf6 40. Nh4+
Kh7 41. Ng2+ 1-0

[Event "Ct. Catalunya eq DH"]
[Site "?"]
[Date "2013.03.09"]
[Round "8.1"]
[White "Peralta, F."]
[Black "Jerez Perez, A."]
[Result "1-0"]
[WhiteElo "2611"]
[BlackElo "2480"]
[PlyCount "171"]
[EventDate "2013.??.??"]
[EventType "tourn"]
[EventRounds "11"]

1. Nf3 Nf6 2. c4 g6 3. Nc3 d5 4. cxd5 Nxd5 5. Qb3 Nb6 6. d4 Bg7 7. e4 O-O 8.
Be3 Bg4 9. Rd1 a5 10. Be2 a4 11. Qc2 a3 12. b3 c6 13. Qc1 N8d7 14. O-O Re8 15.
h3 Bxf3 16. Bxf3 e5 17. dxe5 Qe7 18. Bg4 Bxe5 19. Na4 Bc7 20. Nxb6 Nxb6 21. Bd4
Rad8 22. Qe3 Nd7 23. Bxd7 Rxd7 24. Bf6 Rxd1 25. Bxe7 Rxf1+ 26. Kxf1 Rxe7 27. f3
Bd6 28. Qd4 Re6 29. Qb6 Bf4 30. Qxb7 Rd6 31. Qa8+ Kg7 32. Qxa3 Rd1+ 33. Ke2
Rd2+ 34. Ke1 Rxg2 35. b4 Be5 36. Qb3 f6 37. a4 Rb2 38. Qc4 Bd6 39. b5 cxb5 40.
axb5 g5 41. Qc6 Be5 42. b6 h5 43. b7 h4 44. Qd7+ Kg6 45. Kd1 Bf4 46. Qc8 Kf7
47. Qd7+ Kg6 48. Qe8+ Kg7 49. Qc8 Kf7 50. Qh8 Rd2+ 51. Ke1 Rb2 52. Kd1 Rd2+ 53.
Ke1 Rb2 54. Qh7+ Kf8 55. Qd7 Be5 56. Kd1 Bf4 57. Qe6 Kg7 58. Qe7+ Kg6 59. Qd7
Be5 60. Kc1 Rb3 61. Qe8+ Kg7 62. Qc8 Kh7 63. Kc2 Rb2+ 64. Kd3 Kg7 65. Kc4 Kf7
66. Qd7+ Kf8 67. Qd8+ Kf7 68. Qh8 Rc2+ 69. Kd3 Rb2 70. Qh7+ Ke6 71. Qg8+ Ke7
72. Qc8 Rb1 73. Qc5+ Kf7 74. Qd5+ Ke7 75. Qg8 Rb2 76. Qc8 Rb1 77. Kc2 Rb2+ 78.
Kc1 Rb4 79. Qc6 Rb3 80. Qc5+ Bd6 81. Qd5 Rb4 82. e5 Bxe5 83. Kc2 Rb2+ 84. Kd3
Rb4 85. Qc5+ Bd6 86. Qxb4 1-0